Loading...
| History - World | 0 | 7 | 0 | 0 | 70 | 35 | 52.14 | 7 | 7 | 0.00 | 0.00 |
| History - American | 0 | 5 | 0 | 1 | 50 | 41 | 64.80 | 2 | 5 | 0.00 | 0.00 |
| History - European | 0 | 5 | 2 | 0 | 40 | 49 | 65.60 | 3 | 5 | 0.00 | 0.00 |
| History - Other | 0 | 4 | 1 | 1 | 35 | 13 | 48.75 | 3 | 3 | 0.00 | 0.00 |
| Mythology | 0 | 3 | 0 | 0 | 30 | 38 | 71.33 | 2 | 2 | 0.00 | 0.00 |
| Fine Arts - Other | 0 | 2 | 0 | 1 | 20 | 120 | 124.50 | 0 | 0 | 0.00 | 0.00 |
| Geography/Current Events | 0 | 1 | 0 | 0 | 10 | 66 | 66.00 | 0 | 0 | 0.00 | 0.00 |
| Literature - European | 0 | 1 | 0 | 0 | 10 | 105 | 105.00 | 0 | 1 | 0.00 | 0.00 |
| Pop Culture | 0 | 1 | 0 | 0 | 10 | 136 | 136.00 | 0 | 0 | 0.00 | 0.00 |
| Religion | 0 | 1 | 0 | 0 | 10 | 114 | 114.00 | 0 | 1 | 0.00 | 0.00 |
| Literature - British | 0 | 0 | 1 | 0 | -5 | 0.00 | 0 | 0 | 0.00 | 0.00 | |
| Fine Arts - Visual | 0 | 0 | 1 | 0 | -5 | 0.00 | 0 | 0 | 0.00 | 0.00 |